000 00674nam a2200205 i 4500
001 35000
003 ES-MaACL
005 20230906155032.0
007 t|
008 030211s1982 sp ||||1| spa d
100 1 _aBoole, George.
_930321
245 1 0 _aInvestigaciones sobre las leyes del pensamiento /
_cGeorge Boole ; [traducido por José Antonio Suárez Hernández].
260 _aMadrid :
_bParaninfo,
_c1982.
300 _a373 p. ;
_c22 cm.
490 1 _aLógica y teoría de la ciencia
700 1 _aSuárez Hernández, Antonio.
_9108631
830 0 _aLógica y teoría de la ciencia
_9181546
852 _aES-MaACL
_jL-2473
_bR.102961
999 _c35000
_d35000